Basic typing : a brief course

Bibliographic Details
Main Author: Yatch, Carol
Format: Book
Published: Indianapolis : Bobbs Merril Educational Publishing , 1979
Subjects:

MARC

LEADER 00000cam a2200000 7i4500
001 0000000584
005 20050513.0
020 |a 067297262X 
040 |a INS 
090 0 0 |a Z49.   |b Y25 1979 
100 1 |a Yatch, Carol 
245 1 0 |a Basic typing :   |b a brief course   |c Carol Yatch 
260 |a Indianapolis :   |b Bobbs Merril Educational Publishing ,   |c 1979 
300 |a 180p ;   |c 28cm. 
650 0 0 |a Typewriting 
999 |a 0000003354   |b BOOK   |c Open Shelf   |e Default branch